000 00486nam a22001697a 4500
999 _c163973
_d163973
005 20190507172518.0
010 _aB-593934
020 _a9789380674261
_c310.00
035 _aB-593934
037 _bSun India Publications
082 _a658.8
100 _aChhabra, T.N.
245 _aPrinciples of marketing /
_cT.N. Chhabra
260 _aNew Delhi
_bSun India Publications
_c2014
300 _aA-26 (it include index)
_c24cm (hbk)
942 _2ddc
_cEN
_h658.8
_mCHH